000 00868nam a22002297a 4500
999 _c480
_d480
003 AR-CdUCM
008 190223b ||||| |||| 00| 0 spa d
040 _aMUNICIPALIDAD PROVINCIAL DEL CUSCO
_cBIBLIOTECA MUNICIPAL DEL CUSCO
041 _heng
082 _22ed.
_a373.5 /
_bF86
100 _aFry, Edward B.
_91893
245 _aMáquinas de enseñar y enseñanza programada /
260 _aCuba :
_bPueblo y Educación,
_c1969.
300 _a272 páginas ;
_c18.5 cm.
500 _aDonación de la familia Nieto.
505 _aContenido: Enseñanza Programada: introducción -- Consideraciones básicas de la enseñanza programada -- Construcción y evaluación de los programas...
650 _aEnseñanza programada
_91894
650 _aProgramación
_91895
650 _aTecnificación didáctica
_91896
942 _2ddc
_cLIBROS
945 _alccs
_d2019-02-23